Library Banner

Punjabi, Urdu, English in Pakistan : (Record no. 66459)

MARC details
000 -LEADER
fixed length control field 00442nam a22001577a 4500
005 - DATE AND TIME OF LATEST TRANSACTION
control field 20180308113451.0
008 - FIXED-LENGTH DATA ELEMENTS--GENERAL INFORMATION
fixed length control field 150223b xxu||||| |||| 00| 0 eng d
020 ## - INTERNATIONAL STANDARD BOOK NUMBER
International Standard Book Number 9694022401
040 ## - CATALOGING SOURCE
Transcribing agency PK-LaUMT
082 ## - DEWEY DECIMAL CLASSIFICATION NUMBER
Classification number 306.44095491
Item number SAB-P
100 ## - MAIN ENTRY--PERSONAL NAME
Personal name Sabiha Mansoor
245 ## - TITLE STATEMENT
Title Punjabi, Urdu, English in Pakistan :
Remainder of title a sociolinguistic study /
Statement of responsibility, etc Sabiha Mansoor
260 ## - PUBLICATION, DISTRIBUTION, ETC. (IMPRINT)
Place of publication, distribution, etc Lahore :
Name of publisher, distributor, etc Vanguard Books,
Date of publication, distribution, etc 1993
300 ## - PHYSICAL DESCRIPTION
Extent 240 p.
942 ## - ADDED ENTRY ELEMENTS (KOHA)
Koha item type Books
Holdings
Withdrawn status Lost status Damaged status Home library Current library Date acquired Full call number Barcode Date last seen Copy number Price effective from Koha item type
      UMT Main Campus UMT Main Campus 2014-05-20 427.99142 SAB-P 78770 2023-02-21 C. 2 2014-05-21 Books
      UMT Main Campus UMT Main Campus 2015-02-23 KHC 306.44095491 SAB-P 70318 2019-12-04   2015-02-23 Books